[Event "RUS-chT Premier 2019"]
[Site "Sochi"]
[Date "2019.05.02"]
[Round "2.26"]
[White "Duzhakov, Ilya"]
[Black "Esipenko, Andrey"]
[Result "1/2-1/2"]
[WhiteElo "2388"]
[BlackElo "2620"]
[Annotator "TA"]
[PlyCount "106"]
[EventDate "2019.05.01"]
[EventType "team-tourn"]
[EventCountry "RUS"]
[SourceTitle "playchess.com"]
[Source "ChessBase"]
[SourceQuality "1"]

{[%evp 21,106,0,0,0,2,-8,0,0,0,-3,0,-14,-10,-19,-7,-19,0,0,0,0,0,0,23,0,28,40,26,30,31,31,25,33,47,33,32,26,54,31,35,33,49,30,54,40,118,110,132,68,166,71,71,71,71,0,0,0,71,59,166,0,170,163,187,0,0,0,0,0,0,0,0,0,0,0,0,0,0,0,0,0,0,0,0,0,0,0,0]} 1. d4 Nf6 2. c4 e6 3. Nf3 b6 4. g3 Bb4+ 5. Bd2 Be7 6. Bg2 c6 7. O-O d5 8. Qc2 Ba6 9. b3 Nbd7 10. Rd1 O-O 11. Bf4 Rc8 12. Nc3 {E15: Queen's Indian: 4 g3 sidelines, 4 g3 Ba6 and 4 g3 Bb7 early deviations} dxc4 (12... h6 13. e4 dxc4 14. Nd2 b5 15. bxc4 bxc4 16. Na4 g5 17. Be3 Ng4 18. Nf1 Qc7 19. Bd2 c5 20. d5 Nde5 21. h3 Nf6 {½-½ (72) Bareev,E (2666)-Vidit,S (2711) Batumi 2018}) 13. Nd2 Nd5 14. bxc4 Nxf4 15. gxf4 b5 16. Nce4 Qc7 17. e3 bxc4 18. Rac1 c5 19. Qa4 Bb7 $146 ({Predecessor:} 19... Nb8 20. dxc5 Bxc5 {1-0 (41) Halkias,S (2588)-Vaibhav,S (2419) Chalkis 2010}) 20. dxc5 Bd5 (20... Bxe4 {is more complex.} 21. Nxe4 Nxc5 22. Qxc4 Rfd8 23. Rxd8+ Qxd8 24. Qc3 Rc7) 21. Nxc4 Nxc5 (21... f5 {with more complications.} 22. Nc3 Nxc5 23. Nxd5 Nxa4 24. Nxc7 Rxc7 25. Ne5 Nc3) 22. Nxc5 Qxc5 23. Bxd5 exd5 24. Ne5 Qxc1 25. Rxc1 Rxc1+ 26. Kg2 Rc7 27. Qa5 $36 {[%mdl 2048] White is more active.} Rc2 28. Kg3 Bd6 29. Qxa7 Bxe5 30. fxe5 $14 {[%mdl 4096] Endgame KQ-KRR} g6 31. a4 Re8 32. a5 {aiming for Qb7.} Ra2 (32... Rcc8 $14) 33. f4 $16 Rc8 34. Qd7 (34. h3 $1 $16) 34... Rc3 (34... Ra8 $14) 35. Qd8+ (35. Qxd5 Rxe3+ 36. Kg4 Rxh2 $11) (35. Kf3 $1 $18 {has better winning chances. e6 is the strong threat.} Raa3 36. Qa7 (36. Qxd5 Rxe3+ 37. Kg4 Red3 $11)) 35... Kg7 {[#]} 36. Qf6+ $1 Kg8 37. Qd8+ (37. Kf3 $16 Raa3 38. Qb6) 37... Kg7 $11 38. Qf6+ (38. Kf3 $11 Rxh2 39. Qf6+ Kh6 40. Qxf7) 38... Kg8 $16 39. Kf3 Raa3 ({Black should play} 39... Rc1 $1 $14) 40. Qd8+ $18 Kg7 41. Qb6 ({Stronger than} 41. Qxd5 Rxe3+ 42. Kg4 Re2 $11) 41... Rd3 {[#]} 42. a6 $2 (42. f5 $1 $18) 42... d4 $1 $11 {The position is equal.} 43. Kg4 {Threatens to win with Qf6+.} Rxe3 44. Qf6+ ({Don't blunder} 44. Qxd4 $2 Re2 $19) 44... Kg8 45. Qd8+ Kg7 46. Qf6+ ({Wrong is} 46. Qxd4 $2 Re2 $19) 46... Kg8 47. a7 Rxa7 48. Qd8+ {[%mdl 64] Double Attack} Kg7 {White must now prevent ...h6.} 49. Qf6+ Kg8 50. Qd8+ {[%mdl 64] Double Attack} Kg7 {Strongly threatening ...h6.} 51. Qf6+ Kg8 52. Qd8+ {[%mdl 64] Double Attack} Kg7 {And now ...h6 would win.} 53. Qf6+ Kg8 {Accuracy: White = 55%, Black = 52%.} 1/2-1/2

[Event "RUS-chT Premier 2019"]
[Site "Sochi"]
[Date "2019.05.02"]
[Round "2.27"]
[White "Yuffa, Daniil"]
[Black "Vlasenko, Miroslav"]
[Result "1/2-1/2"]
[WhiteElo "2595"]
[BlackElo "2424"]
[Annotator "TA"]
[PlyCount "113"]
[EventDate "2019.05.01"]
[EventType "team-tourn"]
[EventCountry "RUS"]
[SourceTitle "playchess.com"]
[Source "ChessBase"]
[SourceQuality "1"]

{[%evp 9,113,57,51,63,60,59,80,69,52,52,65,44,44,44,38,40,48,41,53,60,70,67,77,66,107,120,140,118,136,96,100,97,92,38,77,27,47,50,57,47,63,47,65,63,72,64,69,77,82,19,12,8,8,2,4,0,3,0,0,0,0,0,13,0,0,0,0,0,146,0,0,0,0,0,0,0,0,0,0,0,0,0,0,0,0,0,0,0,0,0,0,0,0,0,8,0,0,0,0,0,0,0,0,0,0,0]} 1. d4 d5 2. c4 dxc4 3. e3 b5 4. a4 b4 5. Qf3 (5. Bxc4 Nf6 6. Qf3 c6 7. Qe2 e6 8. e4 Nbd7 9. Nf3 Be7 10. O-O O-O 11. a5 c5 {½-½ (22) Najer,E (2706)-Romanov,E (2610) Sochi 2017}) 5... c6 6. Bxc4 {D20: Queen's Gambit Accepted: 3 e3 and 3 e4} e6 7. Ne2 Nf6 8. O-O {White is better.} Bb7 9. Nd2 $146 ({Predecessor:} 9. Nf4 Be7 10. a5 Qc8 11. e4 O-O {½-½ (27) Camarena Gimenez,R (2383)-Silva Rodriguez,F (2216) Sueca 2017}) 9... Qc7 10. Qg3 (10. Qh3 {seems wilder.} Be7 11. b3 Nbd7 12. Bb2 c5 13. Rac1) 10... Qxg3 11. hxg3 a5 12. e4 Nbd7 13. f3 $36 {[%mdl 2048] White fights for an advantage.} Be7 14. Nb3 O-O 15. Be3 Bd8 16. g4 Bb6 17. Kf2 e5 18. Rac1 exd4 19. Bxd4 c5 {[#]} 20. Be3 $1 Bc6 21. Nf4 ({Better is} 21. g5 $16 Ne8 22. Bb5 Bxb5 23. axb5) 21... Ne5 22. Bxc5 Nxc4 23. Rxc4 Bxa4 24. Nd4 Rfc8 25. Rfc1 Nd7 {[%cal Rc8c5]} 26. Bxb6 Nxb6 27. Rxc8+ Rxc8 28. Ra1 Ra8 29. Nd5 ({White should try} 29. b3 $16 Bd7 30. Nd3) 29... Nxd5 $11 30. exd5 {[%mdl 4096] Endgame KRB-KRN} Bd7 31. Nb3 a4 32. Nc5 Bb5 33. d6 Kf8 34. Ke3 a3 35. Kd4 g6 36. Rb1 {Black must now prevent bxa3.} a2 37. Ra1 Ra7 38. b3 h6 {[#]} (38... Ra8 $11 {remains equal.}) 39. Ne4 (39. Na4 $1 $16 {[%mdl 512]}) 39... Bd7 {The position is equal.} 40. Kc5 Be6 41. Nd2 Ke8 42. Kxb4 Kd7 43. Nc4 Bxc4 44. Kxc4 Kxd6 {KR-KR} 45. Kc3 f5 46. gxf5 gxf5 47. Kb2 Rg7 48. Rd1+ Kc5 49. Rd2 Ra7 50. Rc2+ Kb5 {[%cal Ra2a1]} 51. Rc1 Re7 {Black wants to play ...Re2+.} 52. Rc2 Ra7 {[%cal Ra2a1]} 53. Ka1 Ra3 54. Re2 Rxb3 55. Re5+ Kc4 56. Rxf5 Re3 57. Kxa2 {Accuracy: White = 70%, Black = 67%.} 1/2-1/2

[Event "RUS-chT Premier 2019"]
[Site "Sochi"]
[Date "2019.05.02"]
[Round "2.28"]
[White "Lintchevski, Daniil"]
[Black "Antipov, Mikhail Al."]
[Result "1-0"]
[WhiteElo "2525"]
[BlackElo "2595"]
[Annotator "RC"]
[PlyCount "95"]
[EventDate "2019.05.01"]
[EventType "team-tourn"]
[EventCountry "RUS"]
[SourceTitle "playchess.com"]
[Source "ChessBase"]
[SourceQuality "1"]
[TimeControl "40/5400+30:1800+30"]

1. Nf3 {[%emt 0:00:25]} d5 {[%emt 0:00:00]} 2. d4 {[%emt 0:00:39]} Nf6 {[%emt 0:00:00]} 3. c4 {[%emt 0:00:07]} c6 {[%emt 0:00:00]} 4. Nc3 {[%emt 0:01:36]} a6 {[%emt 0:00:03]} 5. a4 {[%emt 0:02:02]} e6 {[%emt 0:01:44]} 6. g3 {[%emt 0:00:59]} dxc4 {[%emt 0:01:29]} 7. Bg2 {[%emt 0:00:40]} c5 {[%emt 0:01:22]} 8. O-O {[%emt 0:00:07]} cxd4 {[%emt 0:05:43]} 9. Nxd4 {[%emt 0:03:07]} e5 {[%emt 0:03:09]} 10. Nc2 {[%emt 0:06:20]} Nc6 {[%emt 0:01:50]} 11. Qxd8+ {[%emt 0:04:32]} Nxd8 {[%emt 0:00:05]} 12. Bg5 {[%emt 0:01:36]} Be6 {[%emt 0:05:11]} 13. Bxf6 {[%emt 0:05:22]} gxf6 {[%emt 0:00:06]} 14. Nd5 {[%emt 0:05:27]} Bxd5 {[%emt 0:28:24]} 15. Bxd5 {[%emt 0:00:52]} Rc8 {[%emt 0:00:05]} 16. Ne3 {[%emt 0:02:07]} c3 {[%emt 0:00:04]} 17. Rac1 {[%emt 0:05:46]} Bh6 {[%emt 0:23:55]} 18. Rxc3 {[%emt 0:02:10]} Rxc3 {[%emt 0:00:04]} 19. bxc3 {[%emt 0:00:06]} Bxe3 {[%emt 0:00:05]} 20. fxe3 {[%emt 0:00:05]} Ke7 {[%emt 0:00:05]} 21. Rb1 {[%emt 0:00:46]} Kd6 {[%emt 0:00:31]} 22. Bxb7 {[%emt 0:03:58]} Nxb7 {[%emt 0:00:04]} 23. Rxb7 {[%emt 0:00:07]} Ke6 {[%emt 0:00:03]} 24. Rb6+ {[%emt 0:02:43]} Kf5 {[%emt 0:05:30]} 25. Rc6 {[%emt 0:06:45]} h5 {[%emt 0:00:35]} 26. a5 {[%emt 0:01:53]} h4 {[%emt 0:02:47]} 27. gxh4 {[%emt 0:05:53]} Rxh4 {[%emt 0:01:59]} 28. Rxa6 {[%emt 0:00:18]} Rc4 {[%emt 0:00:26]} 29. Ra8 {[%emt 0:04:38]} Rxc3 {[%emt 0:04:32]} 30. a6 {[%emt 0:01:26]} Ke4 {[%emt 0:00:17]} 31. Kf2 {[%emt 0:11:42]} Rc6 {[%emt 0:02:32]} 32. h4 {[%emt 0:02:06]} f5 {[%emt 0:00:16]} 33. h5 {[%emt 0:00:05]} f4 {[%emt 0:01:29]} 34. exf4 {[%emt 0:03:28]} Kxf4 {[%emt 0:00:06]} 35. e3+ {[%emt 0:05:07]} Ke4 {[%emt 0:10:47]} 36. Kg3 {[%emt 0:01:41]} f5 {[%emt 0:01:50]} 37. Kh4 {[%emt 0:01:02]} Kxe3 {[%emt 0:00:05]} 38. Kg5 {[%emt 0:00:11]} f4 {[%emt 0:00:24]} 39. h6 {[%emt 0:01:22]} Rc7 {[%emt 0:00:04]} 40. Kg6 {[%emt 0:00:00]} Rc6+ {[%emt 0:00:00]} 41. Kg7 {[%emt 0:02:09]} f3 {[%emt 0:00:54]} 42. h7 {[%emt 0:02:59]} f2 {[%emt 0:00:11]} 43. Rf8 {[%emt 0:00:17]} Rc7+ {[%emt 0:02:49]} 44. Kg8 {[%emt 0:03:11]} Rc8 {[%emt 0:02:22]} 45. Rxc8 {[%emt 0:00:06]} f1=Q {[%emt 0:00:04]} 46. h8=Q {[%emt 0:00:05]} Qg2+ {[%emt 0:00:11]} 47. Qg7 {[%emt 0:00:53]} Qa2+ {[%emt 0:00:09]} 48. Kh8 {[%emt 0:00:29]} 1-0

[Event "RUS-chT Premier 2019"]
[Site "Sochi"]
[Date "2019.05.02"]
[Round "2.29"]
[White "Lomasov, Semyon"]
[Black "Levin, Evgeny A."]
[Result "1-0"]
[WhiteElo "2541"]
[BlackElo "2516"]
[Annotator "RC"]
[PlyCount "93"]
[EventDate "2019.05.01"]
[EventType "team-tourn"]
[EventCountry "RUS"]
[SourceTitle "playchess.com"]
[Source "ChessBase"]
[SourceQuality "1"]
[TimeControl "40/5400+30:1800+30"]

1. e4 {[%emt 0:00:00]} e6 {[%emt 0:00:00]} 2. d4 {[%emt 0:00:00]} d5 {[%emt 0:00:00]} 3. Nc3 {[%emt 0:00:00]} Nf6 {[%emt 0:00:00]} 4. e5 {[%emt 0:00:00]} Nfd7 {[%emt 0:00:01]} 5. f4 {[%emt 0:00:00]} c5 {[%emt 0:00:04]} 6. Nf3 {[%emt 0:00:00]} Nc6 {[%emt 0:00:05]} 7. Be3 {[%emt 0:00:01]} a6 {[%emt 0:00:33]} 8. Ne2 {[%emt 0:00:32]} b5 {[%emt 0:10:01]} 9. c3 {[%emt 0:00:46]} b4 {[%emt 0:10:37]} 10. cxb4 {[%emt 0:01:39]} cxd4 {[%emt 0:04:48]} 11. Nexd4 {[%emt 0:00:44]} Bxb4+ {[%emt 0:00:30]} 12. Kf2 {[%emt 0:00:12]} Nxd4 {[%emt 0:09:41]} 13. Bxd4 {[%emt 0:04:03]} O-O {[%emt 0:29:03]} 14. Rc1 {[%emt 0:17:03]} f6 {[%emt 0:03:38]} 15. h4 {[%emt 0:01:28]} fxe5 {[%emt 0:13:11]} 16. fxe5 {[%emt 0:00:07]} Qe7 {[%emt 0:02:56]} 17. a3 {[%emt 0:13:03]} Bc5 {[%emt 0:00:28]} 18. Qd2 {[%emt 0:24:12]} a5 {[%emt 0:05:09]} 19. Qe3 {[%emt 0:01:38]} Bxd4 {[%emt 0:01:11]} 20. Qxd4 {[%emt 0:02:46]} Nb8 {[%emt 0:01:44]} 21. Kg3 {[%emt 0:16:53]} Ba6 {[%emt 0:00:53]} 22. Bxa6 {[%emt 0:00:18]} Rxa6 {[%emt 0:00:40]} 23. Rhf1 {[%emt 0:04:28]} Rc6 {[%emt 0:02:24]} 24. Qa4 {[%emt 0:04:57]} Qb7 {[%emt 0:01:36]} 25. Qg4 {[%emt 0:03:31]} Qe7 {[%emt 0:02:21]} 26. Nd4 {[%emt 0:00:59]} Rxc1 {[%emt 0:00:15]} 27. Rxc1 {[%emt 0:00:05]} Re8 {[%emt 0:00:22]} 28. h5 {[%emt 0:02:28]} h6 {[%emt 0:01:16]} 29. Qg6 {[%emt 0:00:35]} Qg5+ {[%emt 0:00:29]} 30. Qxg5 {[%emt 0:00:06]} hxg5 {[%emt 0:00:04]} 31. Rc7 {[%emt 0:00:30]} Na6 {[%emt 0:00:57]} 32. Rc6 {[%emt 0:00:40]} Nb8 {[%emt 0:00:03]} 33. Rc7 {[%emt 0:00:14]} Na6 {[%emt 0:00:04]} 34. Rc6 {[%emt 0:00:14]} Nb8 {[%emt 0:00:03]} 35. Rd6 {[%emt 0:00:03]} Kf7 {[%emt 0:00:20]} 36. Nf3 {[%emt 0:00:05]} Rc8 {[%emt 0:01:18]} 37. Nxg5+ {[%emt 0:00:02]} Kg8 {[%emt 0:00:05]} 38. Nxe6 {[%emt 0:00:25]} Nc6 {[%emt 0:00:45]} 39. Rxd5 {[%emt 0:00:24]} Re8 {[%emt 0:00:14]} 40. Ng5 {[%emt 0:00:00]} Rxe5 {[%emt 0:00:00]} 41. Rxe5 {[%emt 0:04:17]} Nxe5 {[%emt 0:01:39]} 42. b4 {[%emt 0:00:05]} a4 {[%emt 0:01:37]} 43. b5 {[%emt 0:00:47]} Nc4 {[%emt 0:00:05]} 44. Kf4 {[%emt 0:02:07]} Kf8 {[%emt 0:03:05]} 45. Ne6+ {[%emt 0:00:21]} Kf7 {[%emt 0:00:58]} 46. Nc5 {[%emt 0:00:11]} Nb6 {[%emt 0:03:39]} 47. Kg5 {[%emt 0:00:18]} 1-0

[Event "RUS-chT Premier 2019"]
[Site "Sochi"]
[Date "2019.05.02"]
[Round "2.30"]
[White "Ionov, Sergey"]
[Black "Kryakvin, Dmitry"]
[Result "1/2-1/2"]
[WhiteElo "2530"]
[BlackElo "2588"]
[Annotator "TA"]
[PlyCount "81"]
[EventDate "2019.05.01"]
[EventType "team-tourn"]
[EventCountry "RUS"]
[SourceTitle "playchess.com"]
[Source "ChessBase"]
[SourceQuality "1"]

{[%evp 9,81,18,18,18,18,25,26,24,20,29,38,16,29,22,29,11,33,17,41,12,24,15,13,20,26,15,17,0,0,0,0,0,11,4,9,0,13,10,12,11,8,6,17,17,27,19,22,4,4,4,20,16,11,8,18,14,14,14,40,47,47,29,79,43,88,60,98,87,71,5,12,0,9,0]} 1. d4 e6 2. Bf4 Nf6 3. e3 c5 4. c3 (4. Nd2 cxd4 5. exd4 Be7 6. Ngf3 O-O 7. Bd3 b6 8. O-O Bb7 9. Re1 d6 10. c3 a6 11. Ng5 h6 12. Nge4 Nxe4 13. Nxe4 Bxe4 14. Bxe4 d5 15. Bc2 Bg5 16. Qd3 g6 17. Rxe6 {1-0 (17) Aronian,L (2767)-Giri,A (2782) chess.com INT 2018}) 4... cxd4 5. exd4 b6 6. Nf3 {A45: Trompowsky Attack} Be7 7. h3 O-O 8. a4 {White has an edge.} Ba6 $146 ({Predecessor:} 8... d6 9. Nbd2 Ba6 10. Bb5 Nd5 11. Bh2 Bxb5 12. axb5 Nc7 13. Qe2 {½-½ (56) Esipenko,A (2593)-Leko,P (2669) Moscow 2018}) 9. Bb5 Nd5 10. Bh2 Nc7 11. Bxa6 Nbxa6 12. Na3 d6 13. O-O Qd7 14. Nc4 Nd5 15. Qe2 Nac7 16. Ne3 a6 17. c4 Nxe3 18. Qxe3 b5 19. axb5 axb5 20. b3 Rfc8 21. Nd2 h6 22. Qd3 Qc6 23. Bf4 Bf8 24. Rfe1 bxc4 25. bxc4 Kh8 26. Reb1 Ra4 27. Rxa4 Qxa4 28. Qb3 (28. Qf3 {with more complications.} Kg8 29. Qb7 Qa8 30. Kf1 Ne8 31. Ke2) 28... Qxb3 29. Rxb3 Kg8 30. Kf1 f5 31. f3 g6 32. Rb6 Ne8 33. Ke2 Bg7 34. Be3 Kf7 35. Kd3 Ke7 36. Nb3 Rd8 37. Na5 {[#] aiming for Nc6+.} Ra8 38. Bd2 Kd7 39. Bb4 ({Better is} 39. c5 $16 {Rb7+ is the strong threat.} dxc5 40. dxc5) 39... Bf8 40. Bc3 Nc7 41. Rb7 {Accuracy: White = 55%, Black = 51%.} 1/2-1/2

[Event "RUS-chT Premier 2019"]
[Site "Sochi"]
[Date "2019.05.03"]
[Round "3.1"]
[White "Schekachikhin, Maksim"]
[Black "Lobanov, Sergei"]
[Result "0-1"]
[WhiteElo "2424"]
[BlackElo "2513"]
[Annotator "TA"]
[PlyCount "112"]
[EventDate "2019.05.01"]
[EventType "team-tourn"]
[EventCountry "RUS"]
[SourceTitle "playchess.com"]
[Source "ChessBase"]
[SourceQuality "1"]

{[%evp 9,112,25,30,24,34,22,21,24,37,22,43,12,8,12,1,0,0,0,0,0,2,0,0,0,22,-33,-43,-44,-26,-39,-23,-23,-21,-16,-7,-8,0,0,-1,-33,-33,-33,-14,-33,-33,-33,-33,-34,-34,-39,-34,-43,-36,-56,-50,-60,-58,-68,-42,-185,-175,-170,-150,-205,-202,-221,-221,-221,-221,-221,-221,-221,-220,-227,-229,-302,-290,-283,-275,-311,-289,-312,-241,-419,-414,-343,-266,-431,-432,-487,-485,-478,-461,-451,-422,-605,-577,-959,-933,-1029,-981,-1093,-795,-29985,-29986]} 1. d4 d5 2. c4 e6 3. Nf3 Nf6 4. Nc3 a6 5. cxd5 exd5 6. Bg5 {D37: Queen's Gambit Declined: 5 Bf4} Be6 7. e3 Nbd7 8. Bd3 {The position is equal.} Bd6 (8... h6 9. Bf4 g5 10. Bg3 Nh5 11. Be5 Nhf6 12. Bg3 Nh5 13. Ne2 Nxg3 14. Nxg3 {1-0 (61) Leko,P (2679)-Caruana,F (2832) Germany 2019}) 9. Qc2 h6 $146 ({Predecessor:} 9... c6 10. O-O Qc7 11. Bh4 h6 12. Rfe1 {0-1 (49) Hole,O (2307)-Bosiocic,M (2591) Norway 2019}) 10. Bh4 O-O 11. O-O c6 12. Rfe1 Qc7 13. Bg3 Bxg3 14. hxg3 Ng4 15. Ne2 Ndf6 16. Nf4 Bd7 17. Bf5 ({White should play} 17. Nd2 $11) 17... Bxf5 $15 18. Qxf5 Rae8 (18... g6 {looks sharper.} 19. Qc2 Rfe8 20. Rac1 Qe7 21. Nd2 h5) 19. Nh5 Nxh5 (19... Re6 {keeps more tension.} 20. Nxf6+ Nxf6 21. Ne5 Ne4 22. Re2 Qe7) 20. Qxg4 Nf6 21. Qf4 Qd7 22. Ne5 Qe6 23. Nd3 Ne4 24. Nc5 (24. g4 {feels hotter.} f5 25. gxf5 Rxf5 26. Qh2 Qf7 27. f3) 24... Nxc5 25. dxc5 f5 26. Qd4 Qg6 27. Qb4 Rf7 28. Rad1 Re4 29. Rd4 h5 30. Qb6 Qf6 31. Red1 g5 32. Qb3 Qe7 33. Qc2 g4 34. b4 (34. Kf1 $15) 34... h4 $19 35. Rxe4 fxe4 {[%mdl 4096] Endgame KQR-KQR} 36. Qe2 (36. Rf1 $17) 36... Qg5 37. gxh4 Qxh4 38. g3 Qh5 39. Qf1 Rh7 $40 {[%csl Gh7][%cal Rh5h2][%mdl 128] [#] Black is out for blood.} 40. Qg2 Qe5 41. Rd4 Qh8 42. a3 Kf7 43. Rd1 Ke6 44. Rd4 Kf5 45. a4 Kg6 46. a5 $2 (46. Rd1) 46... Kf5 47. Rd1 Rh6 48. Rd4 $2 (48. Rc1 {might work better.}) 48... Rh3 49. Rd1 Qb2 50. Qf1 {Now Rd4 and White clings on.} Qxb4 51. Qe2 Qc3 {[#] ( -> ...Qh8)} 52. Rd4 (52. Qa2 $142 Qh8 53. Kf1) 52... Qxa5 53. Qd1 {intending Rxd5+!} Qxc5 54. Qb3 Rh7 55. Kg2 Qd6 56. Qb6 Qh6 {Accuracy: White = 41%, Black = 79%.} 0-1

[Event "RUS-chT Premier 2019"]
[Site "Sochi"]
[Date "2019.05.03"]
[Round "3.2"]
[White "Usmanov, Vasily"]
[Black "Duzhakov, Ilya"]
[Result "1/2-1/2"]
[WhiteElo "2437"]
[BlackElo "2388"]
[Annotator "NA"]
[PlyCount "101"]
[EventDate "2019.05.01"]
[EventType "team-tourn"]
[EventCountry "RUS"]
[SourceTitle "playchess.com"]
[Source "ChessBase"]
[SourceQuality "1"]
[TimeControl "40/5400+30:1800+30"]

1. d4 {[%emt 0:00:00]} Nf6 {[%emt 0:00:00]} 2. Nf3 {[%emt 0:00:00]} e6 {[%emt 0:00:03]} 3. g3 {[%emt 0:00:00]} c5 {[%emt 0:07:36]} 4. Bg2 {[%emt 0:00:33]} cxd4 {[%emt 0:00:13]} 5. O-O {[%emt 0:00:10]} d5 {[%emt 0:00:11]} 6. b3 {[%emt 0:00:55]} Be7 {[%emt 0:08:05]} 7. Bb2 {[%emt 0:00:34]} O-O {[%emt 0:01:31]} 8. Nbd2 {[%emt 0:02:57]} Re8 {[%emt 0:02:47]} 9. Ne5 {[%emt 0:12:08]} Nc6 {[%emt 0:11:26]} 10. Nxc6 {[%emt 0:00:10]} bxc6 {[%emt 0:00:02]} 11. Bxd4 {[%emt 0:00:03]} Ba3 {[%emt 0:05:34]} 12. Qb1 {[%emt 0:08:55]} e5 {[%emt 0:04:20]} 13. Bb2 {[%emt 0:00:15]} Qa5 {[%emt 0:07:09]} 14. Bxa3 {[%emt 0:00:27]} Qxa3 {[%emt 0:00:03]} 15. c4 {[%emt 0:00:20]} Bg4 {[%emt 0:03:08]} 16. Re1 {[%emt 0:08:13]} e4 {[%emt 0:03:19]} 17. Qc1 {[%emt 0:06:03]} Qa5 {[%emt 0:04:28]} 18. e3 {[%emt 0:02:39]} Nd7 {[%emt 0:02:02]} 19. h3 {[%emt 0:08:52]} Bh5 {[%emt 0:02:12]} 20. g4 {[%emt 0:02:39]} Bg6 {[%emt 0:00:04]} 21. f4 {[%emt 0:00:13]} exf3 {[%emt 0:09:21]} 22. Nxf3 {[%emt 0:00:10]} Nc5 {[%emt 0:00:43]} 23. Qd2 {[%emt 0:00:17]} Qxd2 {[%emt 0:08:02]} 24. Nxd2 {[%emt 0:00:03]} Nd3 {[%emt 0:01:02]} 25. Rf1 {[%emt 0:00:28]} Rxe3 {[%emt 0:04:29]} 26. cxd5 {[%emt 0:00:18]} cxd5 {[%emt 0:00:03]} 27. Bxd5 {[%emt 0:01:03]} Rae8 {[%emt 0:03:19]} 28. Nc4 {[%emt 0:08:35]} Rxh3 {[%emt 0:04:14]} 29. Kg2 {[%emt 0:00:04]} Rh6 {[%emt 0:00:39]} 30. Kg3 {[%emt 0:00:08]} Rd8 {[%emt 0:02:07]} 31. Ne3 {[%emt 0:02:38]} Re8 {[%emt 0:00:48]} 32. Nc4 {[%emt 0:02:00]} Nb4 {[%emt 0:02:27]} 33. Rfe1 {[%emt 0:06:46]} Rd8 {[%emt 0:01:17]} 34. Rad1 {[%emt 0:00:03]} Bd3 {[%emt 0:02:03]} 35. a3 {[%emt 0:02:06]} Nxd5 {[%emt 0:01:14]} 36. Rxd3 {[%emt 0:00:02]} Rh3+ {[%emt 0:01:16]} 37. Kxh3 {[%emt 0:00:04]} Nf4+ {[%emt 0:00:02]} 38. Kg3 {[%emt 0:00:05]} Nxd3 {[%emt 0:00:05]} 39. Re7 {[%emt 0:00:11]} a6 {[%emt 0:01:28]} 40. Ra7 {[%emt 0:00:00]} g5 {[%emt 0:00:00]} 41. b4 {[%emt 0:07:46]} f5 {[%emt 0:10:11]} 42. gxf5 {[%emt 0:00:34]} Rd4 {[%emt 0:03:20]} 43. Ne3 {[%emt 0:02:09]} h5 {[%emt 0:00:33]} 44. f6 {[%emt 0:03:41]} h4+ {[%emt 0:03:12]} 45. Kh2 {[%emt 0:09:03]} Ne5 {[%emt 0:02:37]} 46. Nf5 {[%emt 0:05:35]} Rd2+ {[%emt 0:01:50]} 47. Kh1 {[%emt 0:04:18]} Nf3 {[%emt 0:04:04]} 48. Nh6+ {[%emt 0:00:05]} Kh8 {[%emt 0:00:04]} 49. Nf7+ {[%emt 0:00:03]} Kg8 {[%emt 0:00:07]} 50. Nh6+ {[%emt 0:00:01]} Kh8 {[%emt 0:00:08]} 51. Nf7+ {[%emt 0:00:03]} 1/2-1/2

[Event "RUS-chT Premier 2019"]
[Site "Sochi"]
[Date "2019.05.03"]
[Round "3.3"]
[White "Vlasenko, Miroslav"]
[Black "Pershin, Denis"]
[Result "1/2-1/2"]
[WhiteElo "2424"]
[BlackElo "2409"]
[Annotator "TA"]
[PlyCount "96"]
[EventDate "2019.05.01"]
[EventType "team-tourn"]
[EventCountry "RUS"]
[SourceTitle "playchess.com"]
[Source "ChessBase"]
[SourceQuality "1"]

{[%evp 10,96,0,-1,1,0,0,0,0,-28,-24,-68,-65,-60,-67,-60,-72,-61,-31,-29,-22,-18,-17,-22,-18,-37,-33,-31,-20,-18,-16,-27,-26,-18,-20,-37,-35,-33,-33,-52,-43,-51,-40,-172,-175,-180,-161,-262,-137,-138,-137,-147,-155,-160,-158,-173,-145,-144,-98,-95,-88,-93,-95,-104,-117,-103,0,-156,0,0,0,-73,-57,-78,-74,-57,0,0,0,0,0,0,0,0,0,0,0,0,0]} 1. d4 d5 2. c4 c6 3. Nf3 Nf6 4. Qc2 g6 5. cxd5 cxd5 6. Nc3 Nc6 {[%cal Bb8c6,Bc6b4,Bb4a2][%mdl 32] D11: Slav Defence: 3 Nf3 sidelines and 3...Nf6 4 e3 Bg4} 7. Bf4 Bg7 8. e3 O-O 9. Bb5 (9. Be2 Ne4 10. O-O Bf5 11. Qb3 Nxc3 12. bxc3 Na5 13. Qb4 {½-½ (74) Aronian,L (2805)-Laznicka,V (2647) Riadh 2017}) 9... Bf5 10. Qe2 $146 ({Predecessor:} 10. Qa4 Na5 11. O-O a6 12. Be2 Bg4 13. Rac1 Rc8 14. h3 Bxf3 15. Bxf3 {1-0 (57) Grabarczyk,M (2469)-Koziak,V (2462) Mielno 2006}) 10... Nb4 $1 {[%cal Rb4c2]} 11. Rd1 Qa5 12. a3 Na2 $1 {[%cal Ra2c3]} 13. Bc7 Qxc7 14. Nxa2 Qa5+ 15. Nb4 Rac8 16. O-O Rc7 17. Ne5 a6 18. Bd3 Bxd3 19. Nexd3 e6 20. Nc5 Rfc8 21. Rc1 b6 $36 {[%mdl 2048] aiming for ...Ne4. Black has good play.} 22. Nb3 Qa4 $1 {[%cal Ra4b3]} 23. Rxc7 Rxc7 24. Nc1 a5 25. Qa6 Nd7 26. Nba2 ({White should try} 26. Ne2 $15) 26... Rc2 $1 $19 27. Nc3 Qc6 28. Nd3 (28. Qd3 $142 Rxb2 29. a4) 28... Bf8 (28... Qc4 $1 $19 {[%cal Rc4a6]} 29. Qxc4 dxc4) 29. a4 $17 Qc4 30. Qb5 Rd2 31. Qxd7 {Strongly threatening Ne5!} Qxd3 32. g3 Rxb2 33. Nb5 Qf5 34. Qd8 Qc2 35. Nc7 Qxa4 36. Ne8 Qb4 37. Nf6+ Kg7 (37... Kh8 $17 38. Rc1 Rb1 39. Rxb1 Qxb1+ 40. Kg2 Qb4) 38. Rc1 $2 {[#]} (38. Ne8+ $11 Kg8 39. Rc1) 38... Qe7 $2 (38... Rb1 $1 $17 {[%cal Rb1c1]} 39. Rxb1 Qxb1+ 40. Kg2 Qb4 41. Ne8+ Kg8 42. Nf6+ Kh8) 39. Ne8+ $11 Kg8 40. Qb8 {[#]} (40. Nf6+ $11 {keeps the balance.} Kh8 41. Qxe7 Bxe7 42. Rc8+ Kg7 43. Ne8+ Kh8 44. Nf6+ Kg7 45. Ne8+ Kh8 46. Nf6+) 40... Qg5 $1 $17 {White must now prevent ...a4.} 41. h4 $1 {[%cal Rh4g5]} Qf5 42. Rf1 h5 (42... Rc2 $1 $15) 43. Qd8 $1 $11 {The position is equal.} Rb1 {Black wants to play ...Rxf1+.} 44. e4 Rxf1+ 45. Kxf1 dxe4 {...e3 is the strong threat.} 46. Nf6+ Kg7 47. Ne8+ Kg8 {Hoping for ...e3.} (47... Kh8 $5 48. Nd6 $8 Qh3+ 49. Kg1 Kg7 50. Ne8+ Kh8 $11) 48. Nf6+ Kg7 {Accuracy: White = 65%, Black = 70%.} 1/2-1/2